What is high quality dance?.

What is high quality dance? What does it look like and what sort of skills does it develop in pupils? To help answer these questions, Bobbie Gargrave, dance advisory teacher for Barking and Dagenham, works with a Year 4 class from William Ford C of E Primary School to choreograph a dance piece about...

Full description

Bibliographic Details
Corporate Author: Big Heart Media (Producer)
Format: Video
Language:English
Language Notes:This edition in English.
Published: [London] : Teachers TV/UK Dept. of Education, 2006.
Series:VAST: Academic Video Online
KS1/2 dance ; 2
Subjects:
Online Access:Connect to this streaming video (Alexander Street Press)

MARC

Tag First Indicator Second Indicator Subfields
LEADER 00000cgm a2200000Ma 4500
001 in00005535430
006 m o c
007 vz |zazu|
008 120229s2006 enk014 o vleng d
005 20241201225446.5
035 |a (OCoLC)ocn829688539 
040 |a ALSTP  |b eng  |e pn  |c ALSTP  |d OCLCO  |d OCLCQ  |d OCLCF  |d OCLCQ  |d VZF  |d OCLCQ  |d OCLCO  |d OCLCA  |d OCLCQ  |d EZ9  |d MNI  |d INT  |d OCLCQ  |d WYU  |d OCLCQ  |d OCLCO  |d OCLCL 
019 |a 1112308837  |a 1269044881  |a 1430884443  |a 1444011169 
035 |a (OCoLC)829688539  |z (OCoLC)1112308837  |z (OCoLC)1269044881  |z (OCoLC)1430884443  |z (OCoLC)1444011169 
043 |a e-uk--- 
050 4 |a PN1200eb 
049 |a TXAM 
245 0 0 |a What is high quality dance?. 
260 |a [London] :  |b Teachers TV/UK Dept. of Education,  |c 2006. 
300 |a 1 online resource (14 min.). 
336 |a two-dimensional moving image  |b tdi  |2 rdacontent 
337 |a computer  |b c  |2 rdamedia 
338 |a online resource  |b cr  |2 rdacarrier 
347 |a video file  |2 rda 
490 0 |a VAST: Academic Video Online 
490 0 |a KS1/2 dance ;  |v 2 
500 |a Title from resource description page (viewed Mar. 5, 2012). 
520 |a What is high quality dance? What does it look like and what sort of skills does it develop in pupils? To help answer these questions, Bobbie Gargrave, dance advisory teacher for Barking and Dagenham, works with a Year 4 class from William Ford C of E Primary School to choreograph a dance piece about Ancient Egypt that was originally developed over the course of 6 lessons. In the programme, the dance is developed in five sections representing the first five lessons, and lesson six is a performance of the whole piece. Throughout, Bobbie offers advice on lesson objectives, identifying levels and progress, and ways to encourage pupils to develop and learn. 
546 |a This edition in English. 
650 0 |a Dance  |x Study and teaching  |z Great Britain. 
650 6 |a Danse  |x Étude et enseignement  |z Grande-Bretagne. 
650 7 |a Dance  |x Study and teaching.  |2 fast  |0 (OCoLC)fst00887472 
651 7 |a Great Britain.  |2 fast  |0 (OCoLC)fst01204623  |1 https://id.oclc.org/worldcat/entity/E39PBJdmp7p3cx8hpmJ8HvmTpP 
655 4 |a Alexander Street Video. 
655 7 |a Instructional television programs.  |2 fast  |0 (OCoLC)fst01726126 
655 7 |a Instructional television programs.  |2 lcgft 
655 7 |a Émissions pédagogiques télévisées.  |2 rvmgf 
710 2 |a Big Heart Media.  |4 pro 
776 0 8 |i Print version:  |t What is high quality dance?.  |d [London] : Teachers TV/UK Dept. of Education, 2006 publisher catalog number  |o C/1479/002 
856 4 0 |u http://proxy.library.tamu.edu/login?url=https://www.aspresolver.com/aspresolver.asp?AVN2;1783433  |z Connect to this streaming video (Alexander Street Press)  |t 0 
955 |a Alexander Street Press subscription streaming video 
994 |a 92  |b TXA 
999 f f |s 0ebc5cbf-3916-4d84-9f67-90e055a844fd  |i 9705ac63-f169-482f-80f2-3301d5db853b  |t 0 
952 f f |a Texas A&M University  |b College Station  |c Electronic Resources  |d Available Online  |t 0  |e PN1200eb   |h Library of Congress classification 
998 f f |a PN1200eb   |t 0  |l Available Online